Matemáticas para economistas (Registro nro. 5349)
[ vista simple ]
| 000 -LEADER | |
|---|---|
| fixed length control field | 01118 a2200205 4500 |
| 001 - CONTROL NUMBER | |
| control field | 54102 |
| 005 - DATE AND TIME OF LATEST TRANSACTION | |
| control field | 20260407155811.0 |
| 008 - FIXED-LENGTH DATA ELEMENTS--GENERAL INFORMATION | |
| fixed length control field | 260407a1965 arg spa d |
| 003 - CONTROL NUMBER IDENTIFIER | |
| control field | AR-UNSa-BCEJYS |
| 040 ## - CATALOGING SOURCE | |
| Original cataloging agency | AR-UNSa-BCEJYS |
| Language of cataloging | spa |
| Transcribing agency | AR-UNSa-BCEJYS |
| 080 ## - UNIVERSAL DECIMAL CLASSIFICATION NUMBER | |
| Universal Decimal Classification number | 510 |
| Common auxiliary subdivision | Consideraciones fundamentales y generales de las matemáticas<br/> |
| 041 ## - LANGUAGE CODE | |
| Language code of text/sound track or separate title | spa |
| 100 1# - MAIN ENTRY--PERSONAL NAME | |
| Personal name | Yamane, Taro |
| 245 10 - TITLE STATEMENT | |
| Title | Matemáticas para economistas |
| 264 #1 - PRODUCTION, PUBLICATION, DISTRIBUTION, MANUFACTURE, AND COPYRIGHT NOTICE | |
| Place of production, publication, distribution, manufacture | Barcelona : |
| Name of producer, publisher, distributor, manufacturer | Ediciones Ariel |
| Date of production, publication, distribution, manufacture, or copyright notice | 1965 |
| 300 ## - PHYSICAL DESCRIPTION | |
| Extent | 582 p. |
| Dimensions | 23 cm. |
| 505 ## - FORMATTED CONTENTS NOTE | |
| Formatted contents note | 1. Conjuntos - 2. Funciones y límites - 3. Diferenciación - 4. Funciones de varias variables - 5. Máximos y mínimos - 6. Integración - 7. Series - 8. Ecuaciones diferenciales - 9. Ecuaciones en diferencias finitas - 10. Vectores y matrices(1ra parte) - 11. Vectores y matrices(2da parte) - 12. Vectores y matrices(3ra parte) - 13. Probabilidades y distribuciones - 14. Conceptos estadísticos-Estimación - 15. Verificación o contrastación de hipótesis - 16. Análisis de la regresión - 17. Correlación - 18. Teoría de los juegos |
| 590 ## - LOCAL NOTE (RLIN) | |
| Local note | niveau_biblio:m niveau_hierar:0 |
| 942 ## - ADDED ENTRY ELEMENTS (KOHA) | |
| Koha item type | |
| Withdrawn status | Lost status | Damaged status | Not for loan | Home library | Current library | Shelving location | Date acquired | Total checkouts | Full call number | Barcode | Date last seen | Price effective from | Koha item type |
|---|---|---|---|---|---|---|---|---|---|---|---|---|---|
| Biblioteca Prof. Eusebio Cleto del Rey | Biblioteca Prof. Eusebio Cleto del Rey | 07/04/2026 | 510 Y11 | L22224 | 07/04/2026 | 07/04/2026 | Libro |